एक एकर (Record no. 432340)

MARC details
000 -LEADER
fixed length control field 00561nam a2200169Ia 4500
008 - FIXED-LENGTH DATA ELEMENTS--GENERAL INFORMATION
fixed length control field 100122s9999 xx 000 0 und d
082 ## - DEWEY DECIMAL CLASSIFICATION NUMBER
Item number 55804
Classification number 824
100 ## - MAIN ENTRY--PERSONAL NAME
Personal name माडगूळकर व्यंकटेश
245 ## - TITLE STATEMENT
Title एक एकर
260 ## - PUBLICATION, DISTRIBUTION, ETC. (IMPRINT)
Name of publisher, distributor, etc शब्द प्रकाशन
Date of publication, distribution, etc 1998
300 ## - PHYSICAL DESCRIPTION
Extent 96
520 ## - SUMMARY, ETC.
Summary, etc पुस्तक बाजूला ठेवले आहे.
620 ## -
-- पुस्तक बाजूला ठेवले आहे.
630 ## - SUBJECT ADDED ENTRY--UNIFORM TITLE
Uniform title एक एकर
730 ## - ADDED ENTRY--UNIFORM TITLE
Uniform title एक एकर
942 ## - ADDED ENTRY ELEMENTS (KOHA)
Koha item type Book
Holdings
Withdrawn status Lost status Damaged status Not for loan Home library Current library Date acquired Cost, normal purchase price Total Checkouts Full call number Barcode Date last seen Cost, replacement price Price effective from Koha item type Public note
        S.V. Pathak Library, Vile Parle S.V. Pathak Library, Vile Parle 02/25/1999 80.00   55804 SVPPARLE-55804 01/25/2010 80.00 01/25/2010 Book General NA